00733nam a22001937a 4500999001900000005001700019010001500036020002900051035001400080037000900094082001300103100002100116245006000137260005700197270011700254300002000371942002700391952012100418 c183573d18357320211229101634.0 aENG-130156 a978-93-887-54569c899.00 aEN-113688 bDBAD a915.4552 aSandhu, Amandeep aPanjab:bJourneys Through Fault Lines/cAmandeep Sandhu aChennaibWestland Publications Private Limitedc2019 a1st Floor, A Block, East Wing, Plot No. 40, SP Infocity, Dr MGR Salai, Perungudi, KandanchavadibChennaie600096 a559pc24cm(hbk) 2ddccENh915.4552mSAN 001040708NFICaMbMd2021-12-29eDBAD/PUBg899.00l0o915.4552 SANpEN-113688r2021-12-29 00:00:00t1v899.00yEN